000 00523nam a2200181Ia 4500
001 13383
005 20260306164757.0
008 260306t2006||||xx |||||||||||||| ||spa||
041 _aESP
082 _a003.3
_bJ462
100 _aSociedad Peruana de Computación
_eAUT
245 0 _aJornadas peruanas de computación:
_bCongreso Internacional de Iniciación Científica en Computación. Del 26 al 30 de junio de 2006
260 _c2006
300 _a
_c
650 _aGEN
654 _aCCC
942 _cLIB
_dJUS
_fJUS
_2ddc
_n
999 _c13383
_d13383